| 000 | 00408nam a2200157Ia 4500 | ||
|---|---|---|---|
| 008 | 210210b1975 xxu||||| |||| 00| 0 eng d | ||
| 020 | _a0 913546 14 3 | ||
| 082 | _a128.2 TULR | ||
| 100 | _aTULKU (Tarthang). | ||
| 245 | _aReflections of mind. | ||
| 260 |
_aUSA _bDharma Publishing _c1975 |
||
| 300 | _axii,198 | ||
| 650 | _aReflecations Mind Psychology Buddhi | ||
| 690 | _aPhilosop | ||
| 906 | _aSG037 | ||
| 999 |
_c114846 _d114846 |
||